Zdokonaľovanie devízovo-finančných vzťahov a nástrojov hmotnej stimulácie efektívnej účasti v medzinárodnej deľbe práce výskumná správa SPEV 907-203

Enregistré dans:
Détails bibliographiques
Format: Livre
Langue:slovaque
Publié: Bratislava Vysoká škola ekonomická 1983
Tags: Ajouter un tag
Pas de tags, Soyez le premier à ajouter un tag!

MARC

LEADER 00000nam a2200000 4500
001 c116465
005 20250709072035.7
041 0 |a slo 
044 |a SK 
245 1 0 |a Zdokonaľovanie devízovo-finančných vzťahov a nástrojov hmotnej stimulácie efektívnej účasti v medzinárodnej deľbe práce  |b výskumná správa SPEV 907-203 
264 1 |a Bratislava  |b Vysoká škola ekonomická  |c 1983 
300 |a 107 s.